<?xml version="1.0" encoding="UTF-8"?>
<marc:record xmlns:marc="http://www.loc.gov/MARC21/slim">
   <marc:leader>00000nam a2200000 a 4500</marc:leader>
   <marc:datafield ind1="1" ind2=" " tag="100">
      <marc:subfield code="a">Townsend, Sue</marc:subfield>
      <marc:subfield code="4">aut</marc:subfield>
      <marc:subfield code="e">Verfasser/-in</marc:subfield>
   </marc:datafield>
   <marc:datafield ind1=" " ind2=" " tag="653">
      <marc:subfield code="a">Englisch</marc:subfield>
   </marc:datafield>
   <marc:datafield ind1="0" ind2="0" tag="245">
      <marc:subfield code="a">True Confessions</marc:subfield>
   </marc:datafield>
   <marc:datafield ind1="0" ind2="0" tag="245">
      <marc:subfield code="b">of Adrian Albert Mole- Margaret Hilda Roberts and Susan Lilian Townsend</marc:subfield>
   </marc:datafield>
   <marc:datafield ind1=" " ind2="1" tag="264">
      <marc:subfield code="b">Penguin Books</marc:subfield>
      <marc:subfield code="c">1989</marc:subfield>
   </marc:datafield>
   <marc:datafield ind1="1" ind2=" " tag="520">
      <marc:subfield code="a">THE TRUE CONFESSIONS OF ADRIAN MOLE is the third in the series to be part of Penguin's Sue Townsend repackaging programme. A chance to sell Sue Townsend to a whole new audience! Adrian Mole has grown up. At least that's what it says on his passport. But living at home, clinging to his threadbare cuddly rabbit 'Pinky', working as a paper pusher for the DoE and pining for the love of his life Pandora has proved to him that adulthood isn't quite what he hoped it would be. Still, intellectual poets can't always have things their own way...</marc:subfield>
   </marc:datafield>
   <marc:datafield ind1=" " ind2=" " tag="020">
      <marc:subfield code="a">9780141010854</marc:subfield>
      <marc:subfield code="9">9780141010854</marc:subfield>
   </marc:datafield>
</marc:record>
